000 00871nam2a22002411 4500
001 RU\NLR\INFOCOMM29\5000544832
005 20250616234735.0
035 _a(NLR Aleph) 002290549
090 _a4129192
_c4129192
100 _a20050822d2003 |||y0rusy50 ca
101 0 _arus
102 _aRU
105 _ay ||||000|y
200 1 _aУчет затрат на качество и экологию
210 _d2003
_aБ. м.
461 0 _1001RU\NLR\INFOCOMM29\5000544805
_12001#$aВсе о качестве. Отечественные разработки$v2003, №4(25)
_94191255
_cМ.
_d2002-
_nБ. и.
_tВсе о качестве. Отечественные разработки
_x1683-8718
_v2003, №4(25)
801 1 _aRU
_bInfoComm
_c20050822
801 0 _aRU
_bNLR
_gPSBO
852 _aNLR
_jП22/7775
942 _cISSUE
980 _aNB
980 _aRUSPER